00464nam a2200157Ia 45000010006000000050017000060080041000230410008000640820013000721000032000852450136001172600009002533000028002626500008002906540008002982019320260306172748.0260306t2021||||xx |||||||||||||| ||spa|| aESP a343bB65 aBlume Fortini, ErnestoeAUT 0aReflexiones constitucionales sobre el bicentenario:bsignificado, importancia y retos en la forja del Estado Constitucional peruano c2021 a674 páginas :c24 cm. aGEN aCDE